| 000 | 004690000a22001810004500 | ||
|---|---|---|---|
| 003 | MACL | ||
| 005 | 20160113154756.0 | ||
| 008 | 160113b xxu||||| |||| 00| 0 eng d | ||
| 040 |
_aMACL _cMACL |
||
| 041 | _aEnglish | ||
| 082 | _a954/SIT | ||
| 100 |
_aSitaramayya, Dr Pattabhi _931907 |
||
| 245 | _aThe History of the Indian National Congress | ||
| 260 |
_bPadma Publications _aBombay _c1947 |
||
| 350 | _a25 | ||
| 650 |
_aHistory _931908 |
||
| 942 |
_cBK _k954/Sit _2ddc |
||
| 999 |
_c34909 _d34909 |
||